[Event "PRO League Group Stage"]
[Site "chess.com INT"]
[Date "2018.02.24"]
[Round "7"]
[White "Jobava, Baadur"]
[Black "Miroshnichenko, Evgenij"]
[Result "1/2-1/2"]
[WhiteTitle "GM"]
[BlackTitle "GM"]
[WhiteElo "2690"]
[BlackElo "2606"]
[WhiteTeam "Stockholm Snowballs"]
[BlackTeam "Australia Kangaroos"]
[WhiteFideId "13601520"]
[BlackFideId "14102595"]
[EventDate "2018.01.18"]

1. d4 Nf6 2. c4 e6 3. Nc3 d5 4. Nf3 c6 5. Bg5 dxc4 6. e4 b5 7. e5 h6 8. Bh4 g5
9. Nxg5 hxg5 10. Bxg5 Nbd7 11. exf6 Bb7 12. g3 c5 13. d5 Qb6 14. Bg2 O-O-O 15.
O-O b4 16. Na4 Qa6 17. dxe6 Bxg2 18. Kxg2 Qc6+ 19. Qf3 Rxh2+ 20. Kxh2 Qxf3 21.
e7 Bxe7 22. fxe7 Rh8+ 23. Bh4 Rxh4+ 24. gxh4 Qf4+ 25. Kh3 Qf3+ 26. Kh2 Qf4+ 27.
Kh3 Qf3+ 28. Kh2 Qf4+ 29. Kh3 Qf3+ 30. Kh2 Qf4+ 1/2-1/2

[Event "PRO League Group Stage"]
[Site "chess.com INT"]
[Date "2018.02.24"]
[Round "7"]
[White "Jobava, Baadur"]
[Black "Mamedov, Rauf"]
[Result "1-0"]
[WhiteTitle "GM"]
[BlackTitle "GM"]
[WhiteElo "2690"]
[BlackElo "2709"]
[WhiteTeam "Stockholm Snowballs"]
[BlackTeam "San Jose Hackers"]
[WhiteFideId "13601520"]
[BlackFideId "13401653"]
[EventDate "2018.01.18"]

1. b3 Nf6 2. Bb2 g6 3. c4 Bg7 4. g3 O-O 5. Bg2 d6 6. d4 Nc6 7. Nf3 a5 8. Nc3 Bg4
9. O-O Nd7 10. e3 e5 11. Ne2 a4 12. h3 Bxf3 13. Bxf3 axb3 14. axb3 Rxa1 15. Qxa1
exd4 16. exd4 Re8 17. Kg2 h5 18. Bc3 h4 19. g4 Nf8 20. b4 g5 21. b5 Ne7 22. Bxb7
Neg6 23. Ng1 Qf6 24. Kh1 Ne6 25. Bc6 Re7 26. Qd1 Ngf4 27. Re1 d5 28. cxd5 Nd8
29. Rxe7 Qxe7 30. Qe1 Nxc6 31. dxc6 Qa3 32. b6 Qa6 33. Qe8+ Bf8 34. Bb4 Qf1 35.
Qxf8+ Kh7 36. Qxf7+ Kh8 37. Qf6+ Kh7 38. Qf5+ 1-0

[Event "PRO League Group Stage"]
[Site "chess.com INT"]
[Date "2018.02.24"]
[Round "7"]
[White "Jobava, Baadur"]
[Black "Shimanov, Aleksandr"]
[Result "0-1"]
[WhiteTitle "GM"]
[BlackTitle "GM"]
[WhiteElo "2690"]
[BlackElo "2641"]
[WhiteTeam "Stockholm Snowballs"]
[BlackTeam "Webster Windmills"]
[WhiteFideId "13601520"]
[BlackFideId "4198603"]
[EventDate "2018.01.18"]

1. b3 Nf6 2. Bb2 g6 3. c4 Bg7 4. g3 O-O 5. Bg2 c5 6. Nf3 Nc6 7. O-O d6 8. d4
cxd4 9. Nxd4 Bd7 10. Nc3 Nxd4 11. Qxd4 Bc6 12. Rfd1 Qa5 13. Qd2 Bxg2 14. Kxg2
Rfc8 15. f3 a6 16. g4 Kf8 17. a4 Qb4 18. Qc2 Qc5 19. a5 h5 20. h3 b5 21. axb6
Qxb6 22. g5 Ne8 23. Nd5 Qb7 24. Ra4 Rab8 25. Rd3 Rc5 26. h4 a5 27. Ba3 Rc6 28.
Rxa5 Ra8 29. Rxa8 Qxa8 30. Bb2 Qa5 31. b4 Qa6 32. Ra3 Qxc4 33. Bxg7+ Kxg7 34.
Rc3 Qxh4 35. Rxc6 Qxg5+ 36. Kf2 Qxd5 37. Qc4 Qg5 38. b5 h4 39. b6 h3 40. b7 Qg2+
41. Ke3 h2 42. b8=Q Qg1+ 43. Kd2 h1=Q 44. Qb2+ Nf6 45. Qcc1 Qg5+ 46. Kc2 Qf5+
47. Kb3 Qh4 48. Qc4 Qe1 49. Qbc2 Qfa5 50. Qa4 Qd5+ 51. Qac4 Qda5 52. Ra6 Qe5 0-1

[Event "PRO League Group Stage"]
[Site "chess.com INT"]
[Date "2018.02.24"]
[Round "7"]
[White "Cornette, Deimante"]
[Black "Margvelashvili, Giorgi"]
[Result "1/2-1/2"]
[WhiteTitle "IM"]
[BlackTitle "GM"]
[WhiteElo "2439"]
[BlackElo "2530"]
[WhiteTeam "Cannes Blockbusters"]
[BlackTeam "Seattle Sluggers"]
[WhiteFideId "12802859"]
[BlackFideId "13602926"]
[EventDate "2018.01.18"]

1. e4 c6 2. d4 d5 3. Nd2 dxe4 4. Nxe4 Bf5 5. Ng3 Bg6 6. Nh3 e6 7. Bc4 Bd6 8. O-O
Nd7 9. Ng5 Ngf6 10. Bxe6 fxe6 11. Nxe6 Qa5 12. Qe2 Kf7 13. Ng5+ Kf8 14. Bd2 Qa6
15. Qe6 c5 16. Nf5 h6 17. Nxd6 hxg5 18. Rae1 Qc6 19. Bxg5 cxd4 20. f4 Qd5 21.
Qe7+ Kg8 22. Bxf6 Nxf6 23. Re5 Qc6 24. Qe6+ Kh7 25. Qh3+ Kg8 26. Qe6+ Kh7 27.
Qh3+ Kg8 28. Qe6+ Kh7 1/2-1/2

[Event "PRO League Group Stage"]
[Site "chess.com INT"]
[Date "2018.02.24"]
[Round "7"]
[White "Cornette, Deimante"]
[Black "Perez, Maximiliano"]
[Result "0-1"]
[WhiteTitle "IM"]
[BlackTitle "IM"]
[WhiteElo "2439"]
[BlackElo "2399"]
[WhiteTeam "Cannes Blockbusters"]
[BlackTeam "Buenos Aires Krakens"]
[WhiteFideId "12802859"]
[BlackFideId "117234"]
[EventDate "2018.01.18"]

1. e4 c5 2. Nc3 d6 3. f4 g6 4. Nf3 Bg7 5. Bb5+ Bd7 6. Bc4 Nc6 7. O-O Na5 8. Be2
Nc6 9. d3 Nf6 10. Qe1 Nd4 11. Bd1 Bc6 12. Nxd4 cxd4 13. Ne2 Qb6 14. Kh1 Ng4 15.
Nxd4 Nxh2 16. Kxh2 Qxd4 17. Qg3 O-O 18. c3 Qb6 19. Bb3 Qd8 20. f5 Kh8 21. Kh1
gxf5 22. Rxf5 e6 23. Rh5 Qf6 24. Be3 Qg6 25. Rg5 Qh6+ 26. Kg1 Bf6 27. Rg4 Qh5
28. Bd1 Be5 29. Bd4 f6 30. Bxe5 Qxe5 31. Qh3 Rg8 32. d4 Qb5 33. Rxg8+ Rxg8 34.
Qxe6 Qg5 35. Bf3 Qe3+ 36. Kf1 Rg6 37. Re1 Qd3+ 38. Kf2 Qd2+ 39. Re2 Qf4 40. c4
Qh4+ 41. Kg1 Qg3 42. d5 Qxf3 43. Qc8+ Kg7 44. Rf2 Qd1+ 45. Kh2 Qh5+ 46. Kg1 Rh6
47. Qc7+ Kh8 48. Qd8+ Be8 49. Rxf6 Qh2+ 50. Kf1 Qh1+ 51. Ke2 Qxg2+ 52. Kd3 Rh3+
53. Kd4 Qd2# 0-1

[Event "PRO League Group Stage"]
[Site "chess.com INT"]
[Date "2018.02.24"]
[Round "7"]
[White "Cornette, Deimante"]
[Black "Brattain, Mika"]
[Result "1-0"]
[WhiteTitle "IM"]
[WhiteElo "2439"]
[BlackElo "2404"]
[WhiteTeam "Cannes Blockbusters"]
[BlackTeam "Pittsburgh Pawngrabbers"]
[WhiteFideId "12802859"]
[BlackFideId "2071142"]
[EventDate "2018.01.18"]

1. e4 e5 2. Nf3 Nc6 3. d4 exd4 4. Nxd4 Nf6 5. Nxc6 bxc6 6. e5 Qe7 7. Qe2 Nd5 8.
c4 Nb6 9. Nc3 Qe6 10. Qe4 d5 11. exd6 cxd6 12. Bf4 Qxe4+ 13. Nxe4 d5 14. cxd5
Bb4+ 15. Bd2 Bxd2+ 16. Kxd2 cxd5 17. Nd6+ Ke7 18. Nxc8+ Raxc8 19. b3 Kd6 20. Bd3
Nd7 21. Rac1 Nc5 22. Bf5 Rb8 23. Rhe1 g6 24. Bb1 a5 25. Re3 Rhe8 26. Rec3 Rbc8
27. f3 Rc7 28. Kd1 Ne6 29. Rxc7 Nxc7 30. Bd3 Re7 31. a3 Ne6 32. b4 axb4 33. axb4
Rb7 34. Rb1 Nf4 35. Bf1 d4 36. Kd2 Nd5 37. b5 Kc5 38. Re1 Ra7 39. Rc1+ Nc3 40.
Kd3 Rb7 41. Kd2 f5 42. h4 Ra7 43. Kd3 Kd5 44. Re1 Nxb5 45. Re8 Ra3+ 46. Kc2 Ra2+
47. Kb3 Nc3 48. Re7 Rf2 49. Bc4+ Kd6 50. Rxh7 Rxg2 51. Rg7 Nd5 52. h5 Nf4 53. h6
Rh2 54. h7 d3 55. Bg8 d2 56. Kc2 Ne6 57. Rxg6 1-0

[Event "PRO League Group Stage"]
[Site "chess.com INT"]
[Date "2018.02.24"]
[Round "7"]
[White "Cornette, Deimante"]
[Black "Cornejo, Max"]
[Result "1/2-1/2"]
[WhiteTitle "IM"]
[BlackTitle "IM"]
[WhiteElo "2439"]
[BlackElo "2421"]
[WhiteTeam "Cannes Blockbusters"]
[BlackTeam "Rio Grande Ospreys"]
[WhiteFideId "12802859"]
[BlackFideId "3801950"]
[EventDate "2018.01.18"]

1. e4 c5 2. Nc3 Nc6 3. Bb5 g6 4. Bxc6 dxc6 5. d3 Bg7 6. Be3 b6 7. Qd2 e5 8. f4
exf4 9. Bxf4 Ne7 10. Nf3 O-O 11. Bh6 Re8 12. Bxg7 Kxg7 13. O-O Ng8 14. Qf4 Be6
15. Ng5 f6 16. Nxe6+ Rxe6 17. Ne2 c4 18. d4 Qd6 19. Qe3 Rae8 20. Ng3 h5 21. Rf4
Nh6 22. h3 g5 23. Nxh5+ Kg6 24. e5 gxf4 25. Nxf4+ Kh7 26. Nxe6 Qxe6 27. Re1 fxe5
28. dxe5 Qd5 29. e6 Qc5 30. Qxc5 bxc5 31. Re5 Kg6 32. g4 Ng8 33. Kg2 c3 34. b3
Kf6 35. Rxc5 Rxe6 36. Rxc3 Ne7 37. Kf3 Nd5 38. Rc5 Re3+ 39. Kf2 Rxh3 40. Rxc6+
Ke5 41. Ra6 Kf4 42. Ke2 Nc3+ 43. Kd2 Ne4+ 44. Kc1 Kxg4 45. Rxa7 Kf3 46. Kb2 Rh2
47. a4 Ke3 48. Rc7 Nf2 49. a5 Nd3+ 50. Kc3 Ne1 51. Re7+ Kf2 52. Kb2 Kf1 53. Rc7
Nd3+ 54. Ka3 Ne1 55. b4 Nxc2+ 56. Rxc2 Rxc2 57. Ka4 Ke2 58. a6 Kd3 59. Ka5 Kc4
60. a7 Ra2+ 61. Kb6 Kxb4 62. Kb7 Rxa7+ 63. Kxa7 1/2-1/2

[Event "PRO League Group Stage"]
[Site "chess.com INT"]
[Date "2018.02.24"]
[Round "7"]
[White "Carlsen, Magnus"]
[Black "Dreev, Aleksey"]
[Result "1-0"]
[WhiteTitle "GM"]
[BlackTitle "GM"]
[WhiteElo "2834"]
[BlackElo "2653"]
[WhiteTeam "Norway Gnomes"]
[BlackTeam "San Diego Surfers"]
[WhiteFideId "1503014"]
[BlackFideId "4100107"]
[EventDate "2018.01.18"]

1. Nh3 Nh6 2. f4 d5 3. Nf2 Ng4 4. e3 Nxf2 5. Kxf2 c5 6. b3 Nc6 7. Bb5 Bd7 8. Bb2
a6 9. Bd3 Qc7 10. Nc3 e6 11. Qh5 Be7 12. Rhf1 Bf6 13. Kg1 Nb4 14. Rac1 Nxa2 15.
Rce1 Nb4 16. f5 e5 17. e4 c4 18. Nxd5 Nxd5 19. Bxc4 Nb4 20. c3 Nc6 21. Qxf7+ Kd8
22. Ba3 Be8 23. Qd5+ Qd7 24. Bd6 Be7 25. Bxe7+ Kxe7 26. Qc5+ Qd6 27. Qb6 Bd7 28.
d4 Nd8 29. Qa5 Nc6 30. Qa2 Kd8 31. Rd1 Kc7 32. Qf2 Rad8 33. b4 Rhf8 34. b5 axb5
35. Bxb5 g6 36. f6 Kb8 37. Bc4 Bc8 38. Bd5 Be6 39. Bxe6 Qxe6 40. d5 Qd6 41. Ra1
Kc7 42. dxc6 Qxc6 43. Ra5 Kb8 44. Qa7+ 1-0

[Event "PRO League Group Stage"]
[Site "chess.com INT"]
[Date "2018.02.24"]
[Round "7"]
[White "Carlsen, Magnus"]
[Black "Iturrizaga Bonelli, Eduardo"]
[Result "1-0"]
[WhiteTitle "GM"]
[BlackTitle "GM"]
[WhiteElo "2834"]
[BlackElo "2650"]
[WhiteTeam "Norway Gnomes"]
[BlackTeam "Miami Champions"]
[WhiteFideId "1503014"]
[BlackFideId "3901211"]
[EventDate "2018.01.18"]

1. e4 c5 2. Ne2 g6 3. h4 Nf6 4. Nbc3 d6 5. h5 Nxh5 6. d4 cxd4 7. Nxd4 Nf6 8. Bh6
Bxh6 9. Rxh6 Nc6 10. Bb5 Bd7 11. Bxc6 bxc6 12. Qd2 Qa5 13. O-O-O Ng4 14. Rhh1 h5
15. Nb3 Qb6 16. Rhf1 a5 17. Nd4 a4 18. Qe2 c5 19. Nd5 Qb7 20. Nf3 Bc6 21. Ng5
Bxd5 22. exd5 a3 23. b3 Qb4 24. Ne4 O-O 25. f3 Nf6 26. c3 Qa5 27. Kc2 Kg7 28. g4
hxg4 29. fxg4 Nxe4 30. Qxe4 Qc7 31. Qf4 Qd7 32. Rde1 Rae8 33. Re3 f6 34. Re6 g5
35. Qe4 Rh8 36. Rf2 Rh3 37. Re2 Kf7 38. Qf5 Qb7 39. R6e4 Qc8 40. Rxe7+ 1-0

[Event "PRO League Group Stage"]
[Site "chess.com INT"]
[Date "2018.02.24"]
[Round "7"]
[White "Carlsen, Magnus"]
[Black "Flores Rios, Mauricio"]
[Result "1-0"]
[WhiteTitle "GM"]
[BlackTitle "GM"]
[WhiteElo "2834"]
[BlackElo "2529"]
[WhiteTeam "Norway Gnomes"]
[BlackTeam "Minnesota Blizzard"]
[WhiteFideId "1503014"]
[BlackFideId "3408027"]
[EventDate "2018.01.18"]

1. b4 d5 2. Bb2 Nf6 3. e3 Bf5 4. Bd3 Bxd3 5. cxd3 e6 6. Nf3 Nbd7 7. a3 c6 8. Nc3
a5 9. b5 Qb6 10. Nd4 e5 11. Na4 Qc7 12. bxc6 bxc6 13. Nf3 Bd6 14. Qc2 O-O 15.
Rc1 Rac8 16. h3 Rfe8 17. O-O h6 18. Rb1 Rb8 19. Rfc1 Rec8 20. d4 e4 21. Ne5 Nxe5
22. dxe5 Bxe5 23. Bxe5 Qxe5 24. Rxb8 Qxb8 25. Nc5 Qa7 26. Qa4 Qb6 27. Qd4 Rb8
28. Kh2 Qb2 29. Rc3 Qa1 30. Rb3 1-0

[Event "PRO League Group Stage"]
[Site "chess.com INT"]
[Date "2018.02.24"]
[Round "7"]
[White "Carlsen, Magnus"]
[Black "Azarov, Sergei"]
[Result "1-0"]
[WhiteTitle "GM"]
[BlackTitle "GM"]
[WhiteElo "2834"]
[BlackElo "2567"]
[WhiteTeam "Norway Gnomes"]
[BlackTeam "Las Vegas Desert Rats"]
[WhiteFideId "1503014"]
[BlackFideId "13501470"]
[EventDate "2018.01.18"]

1. Nf3 Nf6 2. d3 c5 3. g3 b6 4. Bg2 Bb7 5. O-O g6 6. e4 d6 7. Ng5 Nc6 8. f4 Qc7
9. Nc3 Bg7 10. Be3 h6 11. Nh3 a6 12. Nf2 h5 13. h3 e6 14. Ne2 b5 15. c3 O-O 16.
d4 cxd4 17. cxd4 d5 18. e5 Ne4 19. Nxe4 dxe4 20. Rc1 Qd7 21. Nc3 Nb4 22. Nxe4
Bxe4 23. Bxe4 Nd5 24. Qb3 Nxe3 25. Qxe3 Rac8 26. Rcd1 Rfd8 27. g4 hxg4 28. hxg4
Qa7 29. Rd2 g5 30. f5 Rc4 31. f6 Bh6 32. Rfd1 b4 33. Bb1 Kf8 34. Qh3 Rdxd4 35.
Qxh6+ Ke8 36. Kh2 Qc5 37. Qxg5 1-0

[Event "PRO League Group Stage"]
[Site "chess.com INT"]
[Date "2018.02.24"]
[Round "7"]
[White "Ehlvest, Jaan"]
[Black "Smirnov, Anton"]
[Result "1-0"]
[WhiteTitle "GM"]
[BlackTitle "GM"]
[WhiteElo "2536"]
[BlackElo "2527"]
[WhiteTeam "Estonia Horses"]
[BlackTeam "Australia Kangaroos"]
[WhiteFideId "4500016"]
[BlackFideId "3208923"]
[EventDate "2018.01.18"]

1. g3 d5 2. Bg2 g6 3. c4 c6 4. Qa4 d4 5. Nf3 Bg7 6. d3 Nf6 7. b4 O-O 8. O-O a5
9. Bb2 Nh5 10. Nbd2 Na6 11. b5 Nc5 12. Qa3 Ne6 13. bxc6 bxc6 14. Ne4 Qc7 15. Nc5
Nxc5 16. Qxc5 e5 17. e3 dxe3 18. Qxe3 Re8 19. Rfe1 f6 20. Rab1 Bf5 21. Nd2 Rad8
22. Ne4 Bc8 23. Nc5 f5 24. Bc3 Qa7 25. Na4 Qxe3 26. Rxe3 e4 27. Bxa5 Rd7 28. Nb6
Ra7 29. Be1 Rxa2 30. Nxc8 Rxc8 31. dxe4 Bd4 32. Rd3 c5 33. exf5 gxf5 34. Rf3 Rf8
35. Rd1 Rc2 36. Bf1 f4 37. Bd3 Rb2 38. g4 Nf6 39. Rxf4 Kg7 40. h3 h6 41. Bd2 Nd7
42. Rxf8 Nxf8 43. Be1 Ne6 44. Rd2 Rb3 45. Bf1 Nf4 46. Ra2 Nxh3+ 47. Bxh3 Rxh3
48. Kg2 Rb3 49. Bd2 Rb6 50. Bf4 Rg6 51. f3 h5 52. Ra7+ Kg8 53. Kg3 hxg4 54. fxg4
Re6 55. g5 Re1 56. Kg4 Rf1 57. g6 Rg1+ 58. Kf5 Kf8 59. Bh6+ Ke8 60. g7 Rf1+ 61.
Ke4 Re1+ 62. Kd5 Bxg7 63. Bxg7 Rg1 64. Be5 Rg6 65. Kxc5 Kd8 66. Kd5 Kc8 67. c5
Rg1 68. c6 Rd1+ 69. Bd4 Rh1 70. Rg7 Rd1 71. Kc5 Rd2 72. Be5 Rc2+ 73. Kd6 Rd2+
74. Ke6 Rd8 75. Rc7+ Kb8 76. Rd7+ Kc8 77. Rxd8+ 1-0

[Event "PRO League Group Stage"]
[Site "chess.com INT"]
[Date "2018.02.24"]
[Round "7"]
[White "Ehlvest, Jaan"]
[Black "Boros, Denes"]
[Result "1/2-1/2"]
[WhiteTitle "GM"]
[BlackTitle "GM"]
[WhiteElo "2536"]
[BlackElo "2457"]
[WhiteTeam "Estonia Horses"]
[BlackTeam "Webster Windmills"]
[WhiteFideId "4500016"]
[BlackFideId "722340"]
[EventDate "2018.01.18"]

1. c4 c6 2. d4 d5 3. Nf3 Nf6 4. Nc3 e6 5. e3 Nbd7 6. Be2 b6 7. O-O Be7 8. b3 O-O
9. Bb2 Bb7 10. Re1 Bd6 11. Bf1 Re8 12. g3 Qe7 13. Bg2 Ba3 14. Bxa3 Qxa3 15. Qc2
Rac8 16. e4 dxe4 17. Nxe4 Nxe4 18. Qxe4 Nf6 19. Qe2 c5 20. Rad1 Rcd8 21. dxc5
Qxc5 22. Ne5 Bxg2 23. Kxg2 h6 24. Rd3 Rc8 25. a4 a6 26. Qe3 Qc7 27. h4 h5 28.
Red1 b5 29. axb5 axb5 30. cxb5 Qb7+ 31. Qf3 Qxf3+ 32. Rxf3 Rb8 33. Nd7 Nxd7 34.
Rxd7 Rf8 35. b4 Rxb5 36. Rf4 Kh7 37. Rfxf7 Rxf7 1/2-1/2

[Event "PRO League Group Stage"]
[Site "chess.com INT"]
[Date "2018.02.24"]
[Round "7"]
[White "Ehlvest, Jaan"]
[Black "Izoria, Zviad"]
[Result "0-1"]
[WhiteTitle "GM"]
[BlackTitle "GM"]
[WhiteElo "2536"]
[BlackElo "2599"]
[WhiteTeam "Estonia Horses"]
[BlackTeam "San Jose Hackers"]
[WhiteFideId "4500016"]
[BlackFideId "13601733"]
[EventDate "2018.01.18"]

1. c4 c6 2. e4 d5 3. exd5 cxd5 4. d4 Nf6 5. Nc3 e6 6. a3 Be7 7. Nf3 O-O 8. Bd3
dxc4 9. Bxc4 a6 10. O-O b5 11. Bb3 Bb7 12. Re1 Nbd7 13. Bg5 Nb6 14. Ne5 Nbd5 15.
Rc1 Rc8 16. Bxf6 Bxf6 17. Nxd5 Bxd5 18. Rxc8 Qxc8 19. Bxd5 exd5 20. Qd2 Qf5 21.
g3 h5 22. h4 Rc8 23. Re2 Qb1+ 24. Kg2 Rc1 25. Nf3 Rc8 26. Qf4 Qd3 27. Re3 Qc2
28. Ng5 Qg6 29. Qc7 Rf8 30. Nf3 Qb1 31. b4 Qa1 32. Qc5 Rd8 33. Ne5 Bxe5 34. dxe5
d4 35. Rf3 Qa2 36. Qe7 Qd5 37. e6 fxe6 38. Qf7+ Kh8 39. Kh2 d3 40. Rf6 gxf6 41.
Qxf6+ Kg8 42. Qg6+ Kf8 43. Qf6+ Ke8 0-1

[Event "PRO League Group Stage"]
[Site "chess.com INT"]
[Date "2018.02.24"]
[Round "7"]
[White "Ehlvest, Jaan"]
[Black "Panjwani, Raja"]
[Result "1-0"]
[WhiteTitle "GM"]
[BlackTitle "IM"]
[WhiteElo "2536"]
[BlackElo "2444"]
[WhiteTeam "Estonia Horses"]
[BlackTeam "Montreal Chessbrahs"]
[WhiteFideId "4500016"]
[BlackFideId "2604493"]
[EventDate "2018.01.18"]

1. c4 Nf6 2. Nc3 g6 3. g3 Bg7 4. Bg2 O-O 5. e4 e5 6. Nge2 Nc6 7. d3 d6 8. O-O
Nd7 9. Be3 f5 10. f4 Kh8 11. Qd2 Nf6 12. h3 fxe4 13. dxe4 exf4 14. gxf4 Nh5 15.
Nd5 Be6 16. Rad1 Qd7 17. Kh2 Rae8 18. b3 b6 19. Ng1 g5 20. Ne2 gxf4 21. Ndxf4
Be5 22. Kh1 Nxf4 23. Nxf4 Bg8 24. Nd3 Bg7 25. Bf4 Qe6 26. Bh2 Rxf1+ 27. Rxf1 Ne5
28. Nxe5 Bxe5 29. Bxe5+ Qxe5 30. Rf5 Qg7 31. Rg5 Qa1+ 32. Kh2 Bf7 33. Qf4 Rg8
34. h4 Rxg5 35. hxg5 Kg7 36. Kg3 Be6 37. Bf3 Qd4 38. Kg2 Qb2+ 39. Kg3 Qd4 40.
Kg2 Kg8 41. Bg4 Bf7 42. Bf5 Bh5 43. Kh2 Kg7 44. Kg2 Qb2+ 45. Kg3 Qd4 46. Kh4 Be8
47. Kg3 Qg1+ 48. Kh3 Qh1+ 49. Kg3 Qe1+ 50. Kh3 Qc3+ 51. Kg2 Bg6 52. Bxg6 hxg6
53. Qh4 Qd2+ 54. Kf3 Qd1+ 55. Ke3 Qg1+ 56. Ke2 Kg8 57. Qf4 Qa1 58. Kd3 Qxa2 59.
Qf6 Qxb3+ 60. Kd2 Qa2+ 61. Kd1 Qb3+ 62. Kd2 Qb4+ 63. Kd3 Qb3+ 64. Kd2 Qxc4 65.
Qxg6+ Kf8 66. Qh6+ Ke8 67. Qh8+ Kd7 68. Qh7+ Kc6 69. Qf5 Qd4+ 70. Ke2 a5 71. g6
Qb2+ 72. Kd3 Qb1+ 73. Kd2 Qb2+ 74. Ke3 Qb3+ 75. Kf4 Qc3 76. Kg5 a4 77. Kh6 a3
78. g7 Qg3 79. Qd5+ Kd7 80. g8=Q Qh4+ 81. Kg6 Qg4+ 82. Kf6 Qf4+ 83. Qf5+ 1-0

[Event "PRO League Group Stage"]
[Site "chess.com INT"]
[Date "2018.02.24"]
[Round "7"]
[White "Manukian, Artak"]
[Black "Chen, Forest"]
[Result "1-0"]
[WhiteElo "2196"]
[BlackElo "2107"]
[WhiteTeam "Armenia Eagles"]
[BlackTeam "Saint Louis Arch Bishops"]
[WhiteFideId "13301373"]
[BlackFideId "30908205"]
[EventDate "2018.01.18"]

1. e4 c6 2. d4 d5 3. e5 Bf5 4. c4 e6 5. Nc3 Ne7 6. Nf3 Nd7 7. Nh4 dxc4 8. Bxc4
Nb6 9. Bb3 h6 10. Nxf5 Nxf5 11. Be3 Be7 12. O-O a5 13. a3 O-O 14. Bc2 Bg5 15.
Qd3 Bxe3 16. fxe3 Qg5 17. Rf3 Nd5 18. Ne4 Qg4 19. Nf2 Qg5 20. Nh3 Qh5 21. e4 Nh4
22. exd5 Nxf3+ 23. gxf3 g6 24. Nf2 cxd5 25. Qe3 Rac8 26. Bd3 Kg7 27. Ng4 Rc6 28.
Nf6 Qh3 29. Rf1 Rfc8 30. Ng4 Qh4 31. Qf4 Qg5 32. Qf6+ Kg8 33. Rf2 Rc1+ 34. Kg2
Qxf6 35. exf6 h5 36. Ne5 Re1 37. Rd2 Rcc1 38. Bb5 Rg1+ 39. Kf2 Rg5 40. Bd3 h4
41. Ng4 Rh5 42. b4 Rh8 43. bxa5 Kh7 44. Rb2 Rc7 45. Ne5 Ra8 46. Rb5 Kh6 47. f4
g5 48. f5 exf5 49. Bxf5 Ra6 50. Rxd5 g4 51. Nxg4+ Kg5 52. Kf3 Rc3+ 53. Bd3# 1-0

[Event "PRO League Group Stage"]
[Site "chess.com INT"]
[Date "2018.02.24"]
[Round "7"]
[White "Manukian, Artak"]
[Black "Safin, Artur"]
[Result "1/2-1/2"]
[WhiteElo "2196"]
[BlackElo "2229"]
[WhiteTeam "Armenia Eagles"]
[BlackTeam "Dallas Destiny"]
[WhiteFideId "13301373"]
[BlackFideId "2041367"]
[EventDate "2018.01.18"]

1. e4 e6 2. d4 d5 3. e5 c5 4. c3 Nc6 5. Nf3 Qb6 6. a3 c4 7. Nbd2 Na5 8. Rb1 Bd7
9. g3 Qc7 10. Bh3 Ne7 11. O-O Nc8 12. Re1 Nb6 13. Nf1 h6 14. Nh4 O-O-O 15. f4 g6
16. Be3 Kb8 17. Nf3 Be7 18. Qe2 Nb3 19. N1d2 Ba4 20. Bf1 Nxd2 21. Qxd2 Qd7 22.
h3 1/2-1/2

[Event "PRO League Group Stage"]
[Site "chess.com INT"]
[Date "2018.02.24"]
[Round "7"]
[White "Manukian, Artak"]
[Black "Patel, Advait"]
[Result "0-1"]
[BlackTitle "IM"]
[WhiteElo "2196"]
[BlackElo "2478"]
[WhiteTeam "Armenia Eagles"]
[BlackTeam "Montclair Sopranos"]
[WhiteFideId "13301373"]
[BlackFideId "2075105"]
[EventDate "2018.01.18"]

1. e4 g6 2. d4 Bg7 3. c4 d6 4. Nc3 e5 5. Nf3 Nc6 6. Be3 Bg4 7. d5 Nd4 8. Be2
Bxf3 9. Bxf3 c5 10. dxc6 bxc6 11. O-O Ne7 12. b4 O-O 13. b5 Qa5 14. Bd2 Qc7 15.
bxc6 Qxc6 16. Nd5 Nxd5 17. cxd5 Qa6 18. Be3 Rab8 19. Bxd4 exd4 20. Be2 Qa5 21.
Bd3 Rb2 22. a4 Rd2 23. Qf3 Rc8 24. Bb5 Qc3 25. Bc6 Rb8 26. Rab1 Rdb2 27. Rxb2
Rxb2 28. h4 Qxf3 29. gxf3 h5 30. Rd1 Bf6 31. f4 Bxh4 32. e5 Bxf2+ 33. Kh1 dxe5
34. fxe5 Bg3 35. e6 Re2 36. Rxd4 fxe6 37. d6 Rh2+ 38. Kg1 Bf2+ 39. Kxh2 Bxd4 40.
d7 Bf6 41. Be4 Kf7 42. Kg3 g5 43. Bf3 g4 44. Be4 Ke7 45. Bg6 Be5+ 46. Kh4 g3 47.
Be4 Kxd7 48. Kxh5 Bf4 49. Kg4 e5 50. Kf3 Kd6 51. Ke2 Kc5 52. Kd3 Kb4 53. Bc6 e4+
54. Ke2 a5 55. Kf1 e3 56. Bb5 Kb3 57. Bc6 Kc2 58. Ke2 Kc3 59. Ke1 Kd3 60. Bb5+
Kd4 61. Kf1 Kc5 62. Bd7 Bg5 63. Bb5 Bh4 64. Be2 Kd4 65. Bb5 Kc3 66. Bc6 Kd2 67.
Bf3 g2+ 68. Kxg2 e2 69. Bxe2 Kxe2 70. Kh3 Bd8 71. Kg4 Kd3 72. Kf5 Kc4 73. Ke6
Kb4 74. Kd7 Bh4 75. Kc6 Kxa4 76. Kc5 Kb3 77. Kd4 a4 78. Kd3 Kb2 79. Kd2 a3 80.
Kd1 a2 81. Kd2 a1=Q 82. Kd3 Bd8 83. Kc4 Qc1+ 84. Kb5 Qc3 85. Ka6 Qc4+ 86. Kb7
Qc7+ 87. Ka6 Qb6# 0-1

[Event "PRO League Group Stage"]
[Site "chess.com INT"]
[Date "2018.02.24"]
[Round "7"]
[White "Manukian, Artak"]
[Black "Chu, Ruotong"]
[Result "1/2-1/2"]
[WhiteElo "2196"]
[BlackElo "2267"]
[WhiteTeam "Armenia Eagles"]
[BlackTeam "Chengdu Pandas"]
[WhiteFideId "13301373"]
[BlackFideId "8605653"]
[EventDate "2018.01.18"]

1. e4 e5 2. Nf3 Nf6 3. Nxe5 d6 4. Nf3 Nxe4 5. Nc3 Nxc3 6. dxc3 Be7 7. Be3 Nc6 8.
Qd2 Be6 9. O-O-O Qd7 10. Kb1 Bf6 11. Ng5 Bxg5 12. Bxg5 h6 13. Be3 a6 14. c4
O-O-O 15. Qc3 1/2-1/2

[Event "PRO League Group Stage"]
[Site "chess.com INT"]
[Date "2018.02.24"]
[Round "7"]
[White "Grigoryan, Karen H."]
[Black "Margvelashvili, Giorgi"]
[Result "1-0"]
[WhiteTitle "GM"]
[BlackTitle "GM"]
[WhiteElo "2581"]
[BlackElo "2530"]
[WhiteTeam "Armenia Eagles"]
[BlackTeam "Seattle Sluggers"]
[WhiteFideId "13301004"]
[BlackFideId "13602926"]
[EventDate "2018.01.18"]

1. Nf3 Nf6 2. g3 b6 3. Bg2 Bb7 4. O-O c5 5. d3 g6 6. e4 d6 7. Re1 Bg7 8. c3 O-O
9. Nbd2 Nc6 10. d4 cxd4 11. cxd4 Rc8 12. a3 e5 13. d5 Ne7 14. Nb1 Nd7 15. Nc3 a6
16. h4 h6 17. h5 g5 18. g4 b5 19. Be3 Rc7 20. Nd2 Qb8 21. Nb3 Rfc8 22. Na5 Ba8
23. Na2 Nc5 24. Nb4 Qb6 25. Nb3 a5 26. Nd3 a4 27. Nd2 Qa6 28. Nxc5 dxc5 29. Nb1
Rd8 30. Nc3 Nc8 31. b3 axb3 32. Qxb3 Nd6 33. a4 b4 34. Bf1 Qc8 35. Nb5 Qxg4+ 36.
Bg2 Rcc8 37. Nxd6 Rxd6 38. Rac1 f5 39. Bxc5 Rf6 40. d6+ Kh8 41. d7 Rg8 42. Qxg8+
Kxg8 43. d8=Q+ Kh7 44. Qxa8 f4 45. f3 Qxh5 46. Qc8 1-0